Detalles MARC
| 000 -CABECERA |
| campo de control de longitud fija |
01634nam a2200289 a 4500 |
| 001 - NÚMERO DE CONTROL |
| campo de control |
000021210 |
| 003 - IDENTIFICADOR DEL NÚMERO DE CONTROL |
| campo de control |
DO-SdBNP |
| 005 - FECHA Y HORA DE LA ÚLTIMA TRANSACCIÓN |
| campo de control |
20250318154220.0 |
| 008 - DATOS DE LONGITUD FIJA--INFORMACIÓN GENERAL |
| campo de control de longitud fija |
100902t1991 xxua 000 0 spa d |
| 020 ## - NÚMERO INTERNACIONAL ESTÁNDAR DEL LIBRO |
| Número Internacional Estándar del Libro |
1560631597 |
| 040 ## - FUENTE DE LA CATALOGACIÓN |
| Centro catalogador/agencia de origen |
DO-SdBNP |
| Lengua de catalogación |
spa |
| Centro/agencia transcriptor |
BNPHU |
| 049 ## - FONDOS LOCALES (OCLC) |
| Fondos de biblioteca |
BNPD |
| 082 #4 - NÚMERO DE LA CLASIFICACIÓN DECIMAL DEWEY |
| Número de clasificación |
923.9 |
| Número de documento/Ítem |
C719L |
| Número de edición |
22 |
| 100 1# - ENTRADA PRINCIPAL--NOMBRE DE PERSONA |
| Nombre de persona |
Lockward Pérez, Jorge Alfonso, |
| Fechas asociadas al nombre |
1937-2001 |
| 9 (RLIN) |
2059 |
| 245 10 - MENCIÓN DE TÍTULO |
| Título |
Algunas cruces altas con el "Libro de las profecías", de Cristobal Colón / |
| Mención de responsabilidad, etc. |
Alfonso Lockward. |
| 260 ## - PUBLICACIÓN, DISTRIBUCIÓN, ETC. |
| Lugar de publicación, distribución, etc. |
Miami : |
| Nombre del editor, distribuidor, etc. |
Unilit, |
| Fecha de publicación, distribución, etc. |
1991. |
| 300 ## - DESCRIPCIÓN FÍSICA |
| Extensión |
298 p. : |
| Otras características físicas |
il. ; |
| Dimensiones |
22 cm. |
| 500 ## - NOTA GENERAL |
| Nota general |
Incluye índice onomástico. |
| 500 ## - NOTA GENERAL |
| Nota general |
Incluye bibliografía y notas al final de capítulos. |
| 504 ## - NOTA DE BIBLIOGRAFÍA, ETC. |
| Nota de bibliografía, etc. |
Bibliografía : p. 285-287. |
| 505 0# - NOTA DE CONTENIDO CON FORMATO |
| Título |
Algunas cruces altas -- |
| -- |
Los conocimientos bíblicos de Colón -- |
| -- |
Origen judío de Colón -- |
| -- |
La influencia de la iglesia -- |
| -- |
Lo material y lo espiritual -- |
| -- |
La conversión de los indios -- |
| -- |
La conquista de Jerusalén -- |
| -- |
El misticismo de Colón -- |
| -- |
El mesianismo de Colón -- |
| -- |
La escatología del Almirante -- |
| -- |
El Dios de Colón -- |
| -- |
La devoción mariana de Colón -- |
| -- |
Los sufrimientos de Colón -- |
| -- |
Detalles sobre el Libro de las profecías -- |
| -- |
Libro de las profecías / |
| Mención de responsabilidad |
Cristóbal Colón -- |
| Título |
Bibliografía -- |
| -- |
Índice de personas y lugares. |
| 600 14 - PUNTO DE ACCESO ADICIONAL DE MATERIA--NOMBRE DE PERSONA |
| Nombre de persona |
Colón , Cristóbal, |
| Fechas asociadas al nombre |
1451-1506 |
| Título de la obra |
Libro de las profecías |
| Subdivisión general |
Crítica e interpretación |
| 9 (RLIN) |
44338 |
| 600 #4 - PUNTO DE ACCESO ADICIONAL DE MATERIA--NOMBRE DE PERSONA |
| Nombre de persona |
Colón, Cristóbal, |
| Fechas asociadas al nombre |
1436-1456 |
| Subdivisión general |
Religión |
| 9 (RLIN) |
19795 |
| 651 #4 - PUNTO DE ACCESO ADICIONAL DE MATERIA--NOMBRE GEOGRÁFICO |
| Nombre geográfico |
América -- |
| Subdivisión general |
Descubrimiento y exploración -- |
| -- |
Españoles |
| 9 (RLIN) |
544 |
| Subdivisión de forma |
Ensayo, conferencias, etc. |
| 910 ## - DATOS DE OPCIÓN DEL USUARIO (OCLC) |
| Datos de opción del usuario |
Validado. Control de calidad EMS. |
| 942 ## - ELEMENTOS DE PUNTO DE ACCESO ADICIONAL (KOHA) |
| Fuente del sistema de clasificación o colocación |
Dewey Decimal Classification |
| Tipo de ítem Koha |
Libro |